000 00592nam a22001577a 4500
008 161118b xxu||||| |||| 00| 0 eng d
020 _a9781285098166
050 _aHG4026
_b.E37 2014
100 _aEhrhardt, Michael C.,
245 _aCorporate finance :
_ba focused approach /
_cEugene F. Brigham, University of Florida, Michael C. Ehrhardt,University of Tennessee
250 _asixth edition
260 _aBoston, MA :|b|
_bCengage Learning,
_cc2014
300 _axvi, 846 pages :
_bcolor illustrations, color charts ;
_c26cm
650 _aCorporations|xFinance
942 _2lcc
_cBK
999 _c47340
_d47340